[Event "Olympiad Women 2024"]
[Site "Budapest HUN"]
[Date "2024.09.16"]
[Round "6.17"]
[Board "4"]
[White "Levitan, Ronit"]
[Black "Shen, Zhiyuan"]
[Result "0-1"]
[WhiteElo "2137"]
[BlackElo "1969"]
[PlyCount "154"]
[EventDate "2024.09.11"]
[WhiteTeam "Israel"]
[BlackTeam "Australia"]
[WhiteTeamCountry "ISR"]
[BlackTeamCountry "AUS"]

1. e4 c5 2. Nf3 Nc6 3. Bb5 g6 4. O-O Bg7 5. c3 Nf6 6. Re1 O-O 7. d4 cxd4 8. cxd4 d6 9. Nc3 Bg4 10. Be3 Nd7 11. Be2 ({RR} 11. Bxc6 bxc6 12. h3 Bxf3 13. Qxf3 Rb8 14. Re2 Qa5 15. Rd1 Nb6 16. Rc2 Nc4 17. b3 Nxe3 18. Qxe3 Rfc8 19. Na4 Qh5 20. Qe2 Qb5 21. Qd3 h5 22. Kf1 Bf6 23. Ke2 h4 24. Rdc1 Qg5 25. Kf1 Rb4 {0-1 Omarbek,A (1713)-Skak,A (1969) FIDE World Rapid Team 2024 (12.33)}) 11... Rc8 12. Qd2 a6 $146 ({RR} 12... Nb6 13. b3 Nd7 14. Rac1 Qa5 15. Red1 a6 16. Qb2 b5 17. Nd5 Qd8 18. Qa3 a5 19. Bxb5 Ndb8 20. Be2 e6 21. Nc3 Nb4 22. Qb2 Nd7 23. Nb5 Qb6 24. a3 Bxf3 25. gxf3 Na6 26. Qd2 d5 27. e5 {1-0 Balabayeva,K (2116)-Nguyen,H (1993) Speed Chess (Women) Q5 blitz 2021 (8)}) 13. Rac1 b5 14. h3 Bxf3 15. Bxf3 Nb6 16. b3 e6 17. d5 Ne5 18. Be2 Ned7 19. dxe6 fxe6 20. Bg4 Qe7 21. Ne2 h5 22. Bf3 Nc5 23. Red1 Rfd8 24. Nf4 Kh7 25. Nd3 Nbd7 26. Nxc5 Nxc5 27. b4 Nb7 28. Bg5 Qf7 29. Bxd8 Rxd8 30. Rc6 Be5 31. Rdc1 Rd7 32. Qc2 Bf4 33. Rd1 a5 34. a3 axb4 35. axb4 Be5 36. Rc1 Bf4 37. Ra1 Nd8 38. Rc8 Be5 39. Raa8 Qe7 40. Be2 d5 41. exd5 Kh6 42. Qc1+ Kh7 43. Bxb5 Rxd5 44. Rc5 Nf7 45. Bc6 Rd4 46. Rc4 Rd3 47. Be4 Rd7 48. Qb1 Qf6 49. Bf3 Nd6 50. Rc1 Qf4 51. Ra3 Qh2+ 52. Kf1 Nf5 53. Rd3 Rxd3 54. Qxd3 Qh1+ 55. Ke2 Qxc1 56. Qd7+ Kh6 57. Qd2+ Qxd2+ 58. Kxd2 Nd4 59. Bd1 Kg5 60. Kd3 Nb5 61. Ba4 Nc7 62. g3 Kf6 63. b5 Nd5 64. Bb3 Bc7 65. f3 Bxg3 66. Ke2 Nc3+ 67. Kf1 Nxb5 68. Kg2 Bf4 69. Ba4 Nd4 70. Be8 Bd6 71. Kf2 Kf5 72. Bf7 Nc6 73. Be8 Ne5 74. Kg2 Kf4 75. Kf2 Bc5+ 76. Ke2 Kg3 77. Ba4 Nxf3 0-1

[Event "Olympiad Women 2024"]
[Site "Budapest HUN"]
[Date "2024.09.16"]
[Round "6.18"]
[Board "1"]
[White "Vanduyfhuys, Daria"]
[Black "Ouellet, Maili-Jade"]
[Result "0-1"]
[WhiteElo "2112"]
[BlackElo "2318"]
[PlyCount "144"]
[EventDate "2024.09.11"]
[WhiteTeam "Belgium"]
[BlackTeam "Canada"]
[WhiteTeamCountry "BEL"]
[BlackTeamCountry "CAN"]

1. d4 Nf6 2. c4 e6 3. Nf3 d5 4. Nc3 Bb4 5. Bg5 h6 6. Bxf6 Qxf6 7. e3 O-O 8. Rc1 dxc4 9. Bxc4 c5 10. O-O cxd4 11. Nxd4 Bd7 12. Qb3 Nc6 13. Nxc6 Bxc3 14. Qxc3 Bxc6 15. Qxf6 gxf6 16. Rfd1 Rfd8 17. f3 Kf8 18. Kf2 ({RR} 18. e4 Ke7 19. Kf2 Rxd1 20. Rxd1 Rd8 21. Rxd8 Kxd8 22. Kg3 Ke7 23. Kf4 b6 24. a3 Bb7 25. Bb5 Ba8 26. Kg4 Kf8 27. Kh5 Kg7 28. Bd7 Bb7 29. Bb5 Kh7 30. Kg4 Kg7 31. h3 Kf8 32. h4 Kg7 {0-1 Carlsson,L (2350)-Krishnan,R (2277) Fagernes GM Open 2024 (7.24)}) 18... Ke7 $146 ({RR} 18... f5 19. h3 Ke7 20. g4 Kf6 21. Bd3 Rd5 22. Bc4 Rdd8 23. Bd3 Rd5 24. Bc4 Rdd8 {½-½ Hawkins,J (2457)-Adams,M (2715) GBR-ch 98th Sheffield 2011 (2)}) 19. Bb3 a5 20. Rxd8 Rb8 21. Rc8 Rxc8 22. Rd1 Bb5 23. Rd4 Rc3 24. a3 Rc1 25. Rd1 Rc5 26. Rd4 Bc6 27. Rd2 a4 28. Bc2 f5 29. Ke2 Kf6 30. Kd1 Rc4 31. Bd3 Rh4 32. h3 f4 33. Ke2 Ke5 34. Rc2 fxe3 35. Kxe3 f5 36. Rc5+ Kd6 37. Ra5 Rh5 38. Ra8 Rg5 39. Kf2 f4 40. Rf8 Rd5 41. Rd8+ Ke5 42. Rxd5+ Kxd5 43. h4 Kd4 44. Bc2 e5 45. Ke2 e4 46. fxe4 Bxe4 47. Bxa4 Bxg2 48. Bb5 Bd5 49. Kf2 Be4 50. Be2 b6 51. Bb5 Ke5 52. Bd7 Bd3 53. Kf3 Bc2 54. Kf2 Bd1 55. Ke1 Bb3 56. Kf2 Bc4 57. Kf3 Bd5+ 58. Kf2 Ke4 59. Bb5 f3 60. Bf1 Kd4 61. Bb5 Bb7 62. Bf1 Bc6 63. Ba6 b5 64. b3 Kc3 65. a4 b4 66. Bc8 Kxb3 67. a5 Ka4 68. a6 Ka5 69. Ke3 Kb6 70. Kd2 Bb5 71. Ke3 Bxa6 72. Be6 Be2 0-1

[Event "Olympiad Women 2024"]
[Site "Budapest HUN"]
[Date "2024.09.16"]
[Round "6.70"]
[White "Li, Yunshan"]
[Black "De Rycke, Tyani"]
[Result "0-1"]
[WhiteElo "2268"]
[BlackElo "2110"]
[PlyCount "98"]
[EventDate "2024.09.11"]
[WhiteTeam "Canada"]
[BlackTeam "Belgium"]
[WhiteTeamCountry "CAN"]
[BlackTeamCountry "BEL"]

1. d4 Nf6 2. c4 g6 3. Nc3 Bg7 4. e4 d6 5. Nf3 Nbd7 6. Be2 O-O 7. O-O e5 8. Be3 c6 9. Qc2 Qe7 10. Rfd1 exd4 ({RR} 10... Ng4 11. Bg5 f6 12. Bh4 Nh6 13. c5 dxc5 14. dxe5 Nxe5 15. Nxe5 Qxe5 16. Bg3 Qe8 17. Bd6 Rf7 18. Bxc5 b6 19. Be3 Ng4 20. Bf4 Be6 21. h3 Ne5 22. Bg3 f5 23. f4 Nc4 24. Bf2 fxe4 25. Nxe4 {½-½ Tarlev,K (2598)-Amonatov,F (2602) Sardaran op 5th 2016 (5)}) ({RR} 10... h6 11. d5 c5 12. Nd2 Nh7 13. Bd3 Ndf6 14. f3 Nh5 15. b4 cxb4 16. Ne2 Nf4 17. Rdb1 Qg5 18. Ng3 Nh3+ 19. gxh3 Qxe3+ 20. Kg2 Ng5 21. Rxb4 Bxh3+ 22. Kh1 Qf2 {0-1 Dobboletta,A (2171)-Ceres,D (2438) 4th Parma City of Culture 2024 (2.2)}) 11. Nxd4 Nc5 12. f3 a5 13. Nb3 $146 ({RR} 13. Bf4 Rd8 14. Bg3 Nh5 15. Bf2 Nf4 16. Bf1 Qg5 17. Kh1 h5 18. Nde2 Nxe2 {½-½ Lehmann,R-Scherer,R Saarland-ch MA 1992 (2)}) 13... Ne6 14. Qd2 a4 15. Nd4 a3 16. b4 Rd8 17. Rac1 Nc7 18. b5 Bd7 19. Nb3 Be6 20. Nd4 Bd7 21. Rb1 Ne6 22. Nxe6 Bxe6 23. Bg5 Rd7 24. bxc6 bxc6 25. Rb6 Rc8 26. Nb1 d5 27. e5 dxc4 28. exf6 Rxd2 29. fxe7 Rxd1+ 30. Bxd1 Bd4+ 31. Kf1 Bxb6 32. Nxa3 Bc5 33. Nb1 f6 34. Bxf6 Kf7 35. Bc3 Bxe7 36. Ke2 Bf5 37. Nd2 Bd3+ 38. Ke3 Bc5+ 39. Kf4 g5+ 40. Kxg5 Rg8+ 41. Kf4 Rxg2 42. h4 Be7 43. Ke3 Bxh4 44. f4 Bd8 45. Bh5+ Ke6 46. Kf3 Rg1 47. Bd4 Rc1 48. Be8 Ba5 49. Ne4 Kd5 0-1

[Event "Olympiad Women 2024"]
[Site "Budapest HUN"]
[Date "2024.09.16"]
[Round "6.18"]
[Board "3"]
[White "Dierckens, Sarah"]
[Black "Pham, Bich Ngoc"]
[Result "1/2-1/2"]
[WhiteElo "1943"]
[BlackElo "2199"]
[PlyCount "64"]
[EventDate "2024.09.11"]
[WhiteTeam "Belgium"]
[BlackTeam "Canada"]
[WhiteTeamCountry "BEL"]
[BlackTeamCountry "CAN"]

1. e4 c5 2. Nf3 e6 3. d4 cxd4 4. Nxd4 a6 5. Nc3 Qc7 6. Be3 Nf6 7. f3 b5 8. Be2 ({RR} 8. Bd3 Bb7 9. O-O d5 10. exd5 Nxd5 11. Nxd5 Bxd5 12. Qd2 Bd6 13. h3 O-O 14. Ne2 Nd7 15. Kh1 Rac8 16. c3 Nf6 17. Bf4 e5 18. Be3 Bb7 19. Rad1 Rfd8 20. Qe1 Bc5 21. Bxc5 Qxc5 22. Ng3 Re8 {1-0 Cubas,J (2489)-Carneiro,V (2429) Caioba Telecom op 2018 (5)}) 8... Bb7 9. Qd2 Nc6 ({RR} 9... h5 10. O-O-O b4 11. Na4 d5 12. Nb3 Nbd7 13. exd5 Bxd5 14. g4 hxg4 15. fxg4 Qc6 16. g5 Ne4 17. Qd4 Qxa4 18. Bf3 Nec5 19. Bxd5 exd5 20. Qxd5 Nxb3+ 21. axb3 Qb5 22. Qxa8+ Qb8 23. Qe4+ Be7 24. Qd5 {1-0 Todev,S (2119)-Florescu,C (2245) Titled Tue 28th Mar Late 2023 (1)}) 10. Nxc6 $146 ({RR} 10. O-O-O Bb4 11. a3 Ba5 12. Qd3 Ne5 13. Qd2 Rc8 14. Bf4 d6 15. Bxe5 dxe5 16. Nb3 Bxc3 17. bxc3 Qxc3 18. Qxc3 Rxc3 19. Kb2 Rc7 20. Rd6 Ke7 21. Rhd1 Rhc8 22. Na1 Bc6 23. R1d2 Nd7 24. Nb3 Nf6 {0-1 Petrenko,M (1551)-Samaganova,A (1917) Motiva Online Blitz (Women) 2021 (6)}) 10... Bxc6 11. Bf4 e5 12. Be3 b4 13. Nd5 Bxd5 14. exd5 Bc5 15. Bxc5 Qxc5 16. d6 O-O 17. O-O-O Rfc8 18. Bd3 Rc6 19. Rhe1 Rac8 20. Qe3 Qxe3+ 21. Rxe3 e4 22. fxe4 Ng4 23. Re2 Ne5 24. Kb1 Rxd6 25. Red2 Rdc6 26. Be2 f6 27. Rd6 Rxc2 28. Bxa6 R8c7 29. R6d2 R2c5 30. Rd5 Rc2 31. R5d2 R2c5 32. Rd5 Rc2 1/2-1/2

[Event "Olympiad Women 2024"]
[Site "Budapest HUN"]
[Date "2024.09.16"]
[Round "6.18"]
[Board "4"]
[White "Golubeva, Oksana"]
[Black "Musabayeva, Diana"]
[Result "1-0"]
[WhiteElo "2119"]
[BlackElo "1911"]
[PlyCount "131"]
[EventDate "2024.09.11"]
[WhiteTeam "Canada"]
[BlackTeam "Belgium"]
[WhiteTeamCountry "CAN"]
[BlackTeamCountry "BEL"]

1. d4 Nf6 2. c4 e6 3. Nc3 Bb4 4. Bg5 h6 5. Bh4 O-O 6. e3 d5 7. Nf3 b6 8. cxd5 exd5 9. Rc1 Bb7 10. Bd3 Re8 11. O-O Nbd7 12. h3 $146 ({RR} 12. a3 Be7 13. Qe2 c5 14. Rfd1 Ne4 15. Bxe7 Qxe7 16. Bb1 Ndf6 17. Ba2 Red8 18. Rc2 Rac8 19. Rdc1 Nxc3 20. Rxc3 Ne4 21. R3c2 Rc6 22. Nd2 Nxd2 23. Qxd2 Rg6 24. Bb1 c4 25. f3 Re8 26. Re1 Re6 {0-1 Wagenvoorde,G (1824)-Sekandar,K (2130) Utrecht OKU op 42nd 2015 (4)}) 12... Be7 13. Bg3 a6 14. Bb1 Rc8 15. Ne5 Bd6 16. f4 c5 17. Bh4 Be7 18. a4 Ne4 19. Nxe4 dxe4 20. Bxe7 Qxe7 21. Nxd7 Qxd7 22. dxc5 Qxd1 23. Rfxd1 Rxc5 24. Rxc5 bxc5 25. a5 Kf8 26. Rd6 Re6 27. Rd7 Re7 28. Rd8+ Re8 29. Rxe8+ Kxe8 30. Ba2 Ke7 31. Bc4 g6 32. Kf2 f6 33. Ke1 Kd6 34. Kd2 g5 35. g3 Bc8 36. Kc3 Kc6 37. h4 Kd6 38. Be2 Kc6 39. Bf1 Kd5 40. b3 Kc6 41. Bc4 Kd6 42. b4 Kc6 43. Bf7 Kd6 44. Kc4 cxb4 45. Kxb4 gxh4 46. gxh4 f5 47. Kc4 Bb7 48. Kd4 Bc6 49. Bc4 Bb7 50. Bf1 Bc8 51. Be2 Bb7 52. Bc4 Bc8 53. Bd5 Ke7 54. Ke5 Kf8 55. Be6 Bb7 56. Bxf5 Ke7 57. Bxe4 Bc8 58. Bd3 Bb7 59. f5 Kf8 60. Bc4 Ke7 61. Bd5 Bc8 62. Bc6 Kf7 63. e4 Ke7 64. h5 Kf7 65. Kd6 Kf8 66. Kc7 1-0

[Event "Olympiad Women 2024"]
[Site "Budapest HUN"]
[Date "2024.09.16"]
[Round "6.19"]
[Board "1"]
[White "Yao, Lan"]
[Black "Partac, Elena"]
[Result "1-0"]
[WhiteElo "2353"]
[BlackElo "2078"]
[PlyCount "87"]
[EventDate "2024.09.11"]
[WhiteTeam "England"]
[BlackTeam "Moldova"]
[WhiteTeamCountry "ENG"]
[BlackTeamCountry "MDA"]

1. e4 e5 2. Nf3 Nf6 3. Nxe5 d6 4. Nf3 Nxe4 5. d4 Be7 6. Bd3 Nf6 7. c4 O-O 8. h3 ({RR} 8. O-O b6 9. Nc3 Bb7 10. Re1 Re8 11. d5 Nbd7 12. h3 Bf8 13. Rxe8 Qxe8 14. Bg5 g6 15. Qd2 Bg7 16. Re1 Qf8 17. Bc2 a6 18. Ba4 Re8 19. Bc6 Bc8 20. b4 Rxe1+ 21. Qxe1 h6 22. Be3 Qe7 {0-1 Yu,Y (2759)-Fang,Y (2499) CHN-ch blitz 2018 (1)}) ({RR} 8. Nc3 d5 9. O-O c5 10. cxd5 Nxd5 11. Nxd5 Qxd5 12. Re1 Bf6 13. Qc2 g6 14. Be4 Qh5 15. dxc5 Na6 16. Be3 Bf5 17. Rad1 Bxe4 18. Qxe4 Nxc5 19. Qf4 Be7 20. g4 Qh3 21. Bxc5 Bxc5 22. Rd7 Rad8 {1-0 Manon,R (2148)-Avik,S (1914) Bangabandhu Premier 2024 (1.4)}) 8... d5 9. c5 b6 $146 ({RR} 9... Re8 10. O-O b6 11. Be3 Bb7 12. Nbd2 bxc5 13. dxc5 c6 14. Qc2 Ba6 15. b4 Bxd3 16. Qxd3 Nbd7 17. Nb3 Qc7 18. Na5 Rac8 19. Qa6 Ne4 20. Rac1 Nb8 21. Qb7 Nd7 22. Qxc7 Rxc7 23. Bf4 Rcc8 24. Nd4 {1-0 Trigo Conde,I (2184)-Casas Castillero,J Ibercaja op 14th 2003 (5.19)}) 10. cxb6 axb6 11. O-O Ba6 12. Nc3 c5 13. Re1 Bxd3 14. Qxd3 Nc6 15. Bg5 c4 16. Qf5 Ra5 17. Rad1 Bb4 18. Ne5 Qc8 19. Qf4 Nd7 20. Nxc6 Qxc6 21. Be7 Bxe7 22. Rxe7 Raa8 23. Rde1 Rac8 24. R1e3 Nf6 25. g4 Rce8 26. g5 Ne4 27. Nxe4 dxe4 28. Qxe4 Qxe4 29. R3xe4 Rxe7 30. Rxe7 Rd8 31. Rc7 b5 32. Rc5 Kf8 33. d5 Rb8 34. Kg2 Ke8 35. Kf3 Kd7 36. Ke4 Rb6 37. Kd4 f6 38. gxf6 Rxf6 39. Rxb5 Rxf2 40. Kc5 c3 41. bxc3 Rxa2 42. Rb7+ Kc8 43. Rxg7 Ra5+ 44. Kd4 1-0

[Event "Olympiad Women 2024"]
[Site "Budapest HUN"]
[Date "2024.09.16"]
[Round "6.19"]
[Board "2"]
[White "Verbin, Valentina"]
[Black "Houska, Jovanka"]
[Result "0-1"]
[WhiteElo "2071"]
[BlackElo "2333"]
[PlyCount "52"]
[EventDate "2024.09.11"]
[WhiteTeam "Moldova"]
[BlackTeam "England"]
[WhiteTeamCountry "MDA"]
[BlackTeamCountry "ENG"]

1. e4 c6 2. Nc3 g6 3. d4 Bg7 4. h3 d6 5. Nf3 Nf6 6. Be2 O-O 7. a4 Nbd7 8. O-O e5 9. dxe5 dxe5 10. Be3 Qe7 11. Bc4 Nc5 12. Nd2 Rd8 13. Qb1 ({RR} 13. Qf3 Ne6 14. Ne2 Nh5 15. c3 h6 16. Rfd1 Ng5 17. Bxg5 hxg5 18. b3 g4 19. hxg4 Nf6 20. g5 Nh7 21. Qe3 Nxg5 22. Nf3 Ne6 23. Rxd8+ Qxd8 24. Qd2 Qxd2 25. Nxd2 a5 26. Nf3 Kf8 27. b4 Ke7 {0-1 Zivkovic,V (2429)-Bologan,V (2682) EU-Cup 24th Kallithea 2008 (4)}) ({RR} 13. Qe2 Ne6 14. Bd3 Nh5 15. Nc4 Nef4 16. Bxf4 Nxf4 17. Qf3 Qf6 18. Qg3 h5 19. h4 Be6 20. Rad1 Rd4 21. Na5 Qe7 22. Nb3 Rd7 23. Ne2 Rxd3 {0-1 Kushagra,M (2351)-Mohammad,N (2436) ch-IND Blitz 2023-24 2024 (5.2)}) 13... Ne6 14. Ne2 Nh5 $146 ({RR} 14... Nd4 15. c3 Nxe2+ 16. Bxe2 Be6 17. a5 c5 18. a6 b6 19. Nc4 Bd7 20. Rc1 Bf8 21. Na3 Bc6 22. f3 Nh5 23. b4 Nf4 24. Bf1 Qh4 25. Kh2 Nh5 26. Qb2 Bxe4 27. bxc5 bxc5 28. Qf2 Qxf2 29. Bxf2 {½-½ Haapasalo,J (2167)-Uimonen,M (2130) FIN-chT1A 0102 2001 (7.4)}) ({RR} 14... b6 15. c3 Nh5 16. Qc2 Bf6 17. Nf3 Nhg7 18. Rad1 Rxd1 19. Rxd1 Ne8 20. Ng3 Nd6 21. Bf1 h5 22. Qd2 Ne8 23. Bc4 Bb7 24. Qc2 Nd6 25. Ba2 Rd8 26. a5 c5 27. Bd5 Bc8 28. axb6 axb6 29. Ne2 {0-1 Hautot,S (2328)-Malakhatko,V (2442) BEL-ch Bruges 2021 (5)}) 15. Nf3 Nhf4 16. Nxf4 exf4 17. Bc1 Nd4 18. Ra3 g5 19. Re1 Nxf3+ 20. Rxf3 Qb4 21. Bxf4 gxf4 22. Bb3 Be6 23. Bxe6 fxe6 24. Rxf4 Qxb2 25. Qxb2 Bxb2 26. Rb1 Bg7 0-1

[Event "Olympiad Women 2024"]
[Site "Budapest HUN"]
[Date "2024.09.16"]
[Round "6.19"]
[Board "3"]
[White "Hunt, Harriet V"]
[Black "Mihailova, Alina"]
[Result "1-0"]
[WhiteElo "2304"]
[BlackElo "1969"]
[PlyCount "113"]
[EventDate "2024.09.11"]
[WhiteTeam "England"]
[BlackTeam "Moldova"]
[WhiteTeamCountry "ENG"]
[BlackTeamCountry "MDA"]

1. e4 e5 2. Nf3 Nc6 3. Bb5 a6 4. Ba4 Nf6 5. O-O Be7 6. Re1 b5 7. Bb3 d6 8. c3 O-O 9. h3 Bb7 10. d4 Re8 11. Nbd2 Bf8 12. a4 Na5 13. Bc2 exd4 ({RR} 13... b4 14. d5 bxc3 15. bxc3 c6 16. c4 Qc7 17. Bd3 Reb8 18. Ra3 Bc8 19. Nf1 Bd7 20. Bg5 Be7 21. Ne3 h6 22. Bh4 cxd5 23. Bxf6 Bxf6 24. Nxd5 Qd8 25. Nd2 Bg5 26. Nf3 Nb7 27. a5 Be6 28. Nxg5 {0-1 Polgar,J (2711)-Morozevich,A (2788) Mainz Classic rap Prelim rapid 2008 (1)}) 14. cxd4 b4 15. d5 $146 ({RR} 15. b3 g6 16. d5 Bg7 17. Bb2 c6 18. dxc6 Bxc6 19. Nd4 Bb7 20. Qf3 Rc8 21. Rad1 d5 22. e5 Nd7 23. Nf1 Qh4 24. Bf5 Nxe5 25. Rxe5 Rxe5 26. Bxc8 Bxc8 27. Ne3 Qe4 28. Qg3 Re8 29. Qd6 Nxb3 {½-½ Piorun,K (2631)-Matlakov,M (2707) WchT 11th Khanty-Mansiysk 2017 (6.3)}) ({RR} 15. b3 g6 16. Rb1 Bg7 17. Bb2 Rc8 18. h4 Re7 19. Bd3 Qe8 20. e5 Nd7 21. Qe2 Ra8 22. h5 Bd5 23. hxg6 hxg6 24. Be4 Nb6 25. Bxd5 Nxd5 26. Rbc1 Qd7 27. Qe4 c6 28. Qh4 Qf5 29. exd6 Rxe1+ {0-1 Schmakel,S (2442)-Tang,A (2502) New York 1924 Centennial 2024 (8.1)}) 15... g6 16. Nf1 Bg7 17. Bf4 Rb8 18. Rc1 Nd7 19. b3 Ne5 20. Nxe5 dxe5 21. Be3 c6 22. d6 Re6 23. Bc5 Bf8 24. Bxb4 Bxd6 25. Bc3 Qb6 26. Qf3 Bb4 27. Red1 Bxc3 28. Rd7 Rf8 29. Qxc3 c5 30. Ne3 Qb4 31. Qxb4 cxb4 32. Rcd1 Bc8 33. R7d5 Nc6 34. Bd3 Nd4 35. Bc4 Re7 36. Rd6 Bb7 37. f3 a5 38. Ng4 Nc6 39. R1d5 Kg7 40. Rc5 h5 41. Ne3 Nd4 42. Rxa5 f5 43. exf5 gxf5 44. Nd5 Bxd5 45. Raxd5 f4 46. Rb6 Rf6 47. Rxf6 Kxf6 48. Rd6+ Kg5 49. a5 Rg7 50. Kf2 Nc2 51. Re6 Kf5 52. Re8 Ne3 53. Rf8+ Kg5 54. Rg8 Nd1+ 55. Ke1 Rxg8 56. Bxg8 Nc3 57. Bc4 1-0

[Event "Olympiad Women 2024"]
[Site "Budapest HUN"]
[Date "2024.09.16"]
[Round "6.19"]
[Board "4"]
[White "Petricenco, Ana"]
[Black "Sivanandan, Bodhana"]
[Result "1/2-1/2"]
[WhiteElo "1894"]
[BlackElo "2196"]
[PlyCount "99"]
[EventDate "2024.09.11"]
[WhiteTeam "Moldova"]
[BlackTeam "England"]
[WhiteTeamCountry "MDA"]
[BlackTeamCountry "ENG"]

1. e4 c6 2. d4 d5 3. e5 Bf5 4. Nf3 e6 5. Be2 c5 6. Be3 cxd4 7. Nxd4 Ne7 8. Nd2 Nbc6 9. N2f3 Bg4 10. c3 ({RR} 10. O-O g6 11. h3 Bxf3 12. Nxf3 Bg7 13. Bf4 O-O 14. c3 Qc7 15. Re1 Nxe5 16. Kh1 f6 17. Nd4 Qc8 18. Bf1 N7c6 19. Qe2 Re8 20. Nxc6 bxc6 21. Rad1 a5 22. Bg3 a4 23. Qc2 Qb7 24. b3 axb3 {½-½ Dominguez Perez,L (2739)-So,W (2788) Saint Louis Champions Showdown G05 blitz 2017 (10.3)}) 10... Bxf3 ({RR} 10... g6 11. Qa4 Bxf3 12. Nxf3 Bg7 13. Bb5 O-O 14. Qf4 Qc7 15. Bxc6 Nxc6 16. Bd4 f6 17. Qg4 Nxd4 18. cxd4 Qa5+ 19. Kf1 f5 20. Qh4 Qb5+ 21. Kg1 Qxb2 22. Rf1 Rae8 23. g4 Qxa2 24. Kg2 Qc2 25. Re1 {0-1 Hinteregger,A (1977)-Bosiocic,M (2559) 43rd St Veit Open 2024 (1.1)}) 11. Nxf3 Nf5 12. Qd2 $146 ({RR} 12. Bg5 Be7 13. h4 h6 14. Bxe7 Nfxe7 15. Bd3 Qc7 16. Qe2 O-O-O 17. O-O Kb8 18. b4 g5 19. b5 g4 20. Nd4 Nxd4 21. cxd4 Qc3 22. Qe3 Rc8 23. Rad1 g3 24. Bb1 Rhg8 25. Rd3 Qc4 26. fxg3 Nf5 {0-1 Kosteniuk,A (2551)-Gukesh,D (2456) Douglas IoM op 2018 (6)}) ({RR} 12. Bf4 Be7 13. h3 Nh4 14. Nxh4 Bxh4 15. O-O O-O 16. Bd3 f5 17. exf6 Bxf6 18. Bh2 Qd7 19. Qg4 Qf7 20. f4 Ne7 21. Kh1 g6 22. Rae1 Nf5 23. Re2 Ng7 24. Qf3 Bd8 25. c4 Bc7 26. g4 Rad8 {½-½ Blanco Acevedo,C (2355)-Lobo Rodriguez,J (2074) ESP-chT CECLUB Div2 2021 (5.5)}) 12... Qc7 13. Bb5 Nxe3 14. Qxe3 Be7 15. O-O O-O 16. Rfe1 Rfd8 17. h3 Rac8 18. Bd3 b6 19. Rad1 h6 20. Bb1 Bf8 21. Nd4 Nxd4 22. Qxd4 Qc4 23. Qxc4 Rxc4 24. Kf1 Rb8 25. Bd3 Rc7 26. Ke2 b5 27. Rc1 a6 28. Rf1 Rbc8 29. Rcd1 Bc5 30. f4 Rd8 31. Rf3 Rcd7 32. Bc2 b4 33. Ba4 Rc7 34. c4 d4 35. Kd3 f6 36. exf6 gxf6 37. Re1 Kf7 38. Bd1 Rg8 39. g4 Rcc8 40. Rff1 Ke7 41. Bf3 Kd6 42. Re2 Rce8 43. Rfe1 e5 44. f5 Rg7 45. Rg1 a5 46. h4 a4 47. h5 Ra7 48. Ra1 Rb8 49. Be4 Rg7 50. Bf3 1/2-1/2

[Event "Olympiad Women 2024"]
[Site "Budapest HUN"]
[Date "2024.09.16"]
[Round "6.20"]
[Board "1"]
[White "Cramling, Pia"]
[Black "Pipiras, Filipa Fortuna"]
[Result "1-0"]
[WhiteElo "2425"]
[BlackElo "2187"]
[PlyCount "155"]
[EventDate "2024.09.11"]
[WhiteTeam "Sweden"]
[BlackTeam "Portugal"]
[WhiteTeamCountry "SWE"]
[BlackTeamCountry "POR"]

1. d4 d5 2. c4 e6 3. Nf3 Nf6 4. e3 b6 5. Bd3 Bd6 6. O-O O-O 7. Nbd2 ({RR} 7. b3 Bb7 8. cxd5 exd5 9. Ba3 Ne4 10. Bxd6 Qxd6 11. Qc2 Nd7 12. Nc3 Qe7 13. Rac1 Ndf6 14. Qb2 a5 15. Rc2 Rfc8 16. Rfc1 g6 17. h3 Qd8 18. Na4 Nd6 19. Ne5 Nfe4 20. Be2 h5 21. Nc3 Ng5 {½-½ Grachev,B (2676)-Nikolic,P (2619) SRB-chT Kragujevac 2013 (3.2)}) ({RR} 7. Qc2 Nbd7 8. Nc3 a6 9. e4 dxe4 10. Nxe4 Bb7 11. Bg5 h6 12. Bh4 Be7 13. Rad1 Nh5 14. Bxe7 Qxe7 15. Rfe1 Rad8 16. d5 e5 17. Ng3 Nxg3 18. hxg3 Qd6 19. Nd2 Nc5 20. Ne4 Nxe4 21. Bxe4 g6 {½-½ Kretchetov,A (2088)-Yoo,E (2288) 1000GM NY Summer IMC 2024 (2.4)}) 7... Bb7 8. Qc2 c5 $146 ({RR} 8... dxc4 9. Nxc4 Bxf3 10. gxf3 Nc6 11. a3 e5 12. Be4 Nxe4 13. Qxe4 Qe8 14. dxe5 Bxe5 15. Nxe5 Nxe5 16. b4 Qe6 17. Bb2 Nc4 18. Bc3 Qxe4 19. fxe4 Rae8 20. Rfc1 Rxe4 21. Bd4 b5 22. a4 a6 23. axb5 {½-½ Restas,P (2210)-Farago,I (2533) Zalakaros op 18th 1999 (6)}) 9. dxc5 bxc5 10. e4 Nc6 11. cxd5 exd5 12. exd5 Nb4 13. Qb1 Nxd3 14. Qxd3 Bxd5 15. Nc4 Be7 16. Bf4 Qd7 17. b3 Rad8 18. Rfe1 Rfe8 19. Be5 h6 20. Rac1 Be6 21. Qxd7 Rxd7 22. Na5 Nd5 23. Nc6 Bf8 24. h3 Nb4 25. Nxb4 cxb4 26. Nd4 Bd5 27. Nb5 a5 28. Nc7 Red8 29. Nxd5 Rxd5 30. Bf4 Ra8 31. Re2 f6 32. g4 a4 33. bxa4 Rda5 34. Rcc2 Rxa4 35. Be3 Ra3 36. Rb2 Rb8 37. Bf4 Rb7 38. Re3 Rba7 39. Rxa3 bxa3 40. Rb8 Rd7 41. Kf1 Kf7 42. Ke2 Ra7 43. Rb5 Be7 44. Kd3 Rd7+ 45. Kc2 g5 46. Bd2 Rd4 47. Be3 Re4 48. Kd3 Ra4 49. Rb7 Ke6 50. Ra7 Rxa7 51. Bxa7 Kd5 52. Bd4 Bd8 53. Ba1 Be7 54. Bc3 Bd8 55. Bb4 Bb6 56. f3 Ke5 57. Bxa3 Kf4 58. Ke2 Kg3 59. Bf8 Kxh3 60. Bxh6 Kg3 61. Bf8 f5 62. Bd6+ f4 63. Be7 Kh4 64. Kd3 Ba5 65. Ke4 Bd2 66. a3 Bc1 67. Bb4 Be3 68. a4 Ba7 69. a5 Be3 70. Bd6 Ba7 71. Bc7 Kg3 72. Bd8 Kh4 73. Bb6 Bb8 74. a6 Kg3 75. a7 Bxa7 76. Bxa7 Kg2 77. Bc5 Kg3 78. Be7 1-0

[Event "Olympiad Women 2024"]
[Site "Budapest HUN"]
[Date "2024.09.16"]
[Round "6.20"]
[Board "2"]
[White "Silva, Ana Ines Teixeira Da"]
[Black "Agrest, Inna"]
[Result "0-1"]
[WhiteElo "1925"]
[BlackElo "2197"]
[PlyCount "104"]
[EventDate "2024.09.11"]
[WhiteTeam "Portugal"]
[BlackTeam "Sweden"]
[WhiteTeamCountry "POR"]
[BlackTeamCountry "SWE"]

1. e4 e5 2. Nf3 Nc6 3. Nc3 Nf6 4. d4 exd4 5. Nxd4 Bb4 6. Nxc6 bxc6 7. Bd3 O-O 8. O-O Re8 9. Bg5 h6 10. Bh4 Rb8 11. f4 Be7 12. b3 ({RR} 12. Bxf6 Bxf6 13. e5 Be7 14. b3 d5 15. Kh1 Bb4 16. Ne2 Bg4 17. Qc1 Rb6 18. c3 Bf8 19. Nd4 c5 20. Nf3 a5 21. Qc2 a4 22. h3 axb3 23. axb3 Bxf3 24. Rxf3 Qh4 25. c4 d4 26. Kh2 g6 {0-1 Rey Malde,H (2171)-Ladron de Guevara Pinto,P (2376) Madrid Chess Fest Open 2024 (6.1)}) ({RR} 12. Bf2 Rxb2 13. Bc4 Rb8 14. e5 Nd5 15. Nxd5 cxd5 16. Qxd5 Rf8 17. Rad1 d6 18. Qe4 Bb7 19. Qe2 d5 20. Bd3 c5 21. Rfe1 Qa5 22. e6 f6 23. Qh5 f5 24. Bxf5 Rf6 25. Bh4 Rxf5 26. Qxf5 Bxh4 {1-0 Herman,S (1839)-Agrest,I (2284) Isolated Queens Internet op 2nd 2020 (10)}) 12... d6 13. h3 $146 ({RR} 13. Qf3 Nd7 14. Bf2 Bf6 15. e5 dxe5 16. Qe4 Nf8 17. f5 Bb7 18. Rad1 Qe7 19. Bxa7 c5 20. Nd5 Bxd5 21. Qxd5 Rbd8 22. Qxc5 Rd6 23. Be4 Red8 24. Rd3 Nh7 25. Qc4 Rxd3 26. cxd3 Qa3 27. Qa4 Qb2 {½-½ Liu,G (2459)-Wen,Y (2585) CHN-chT China 2018 (5.6)}) ({RR} 13. Qf3 Nd7 14. Bxe7 Qxe7 15. Rae1 Nc5 16. e5 Qd8 17. exd6 cxd6 18. Rxe8+ Qxe8 19. f5 Qe5 20. f6 Qd4+ 21. Rf2 g6 22. Ne2 Qa1+ 23. Rf1 Qe5 24. h3 Be6 25. Qf4 Qxf4 26. Nxf4 Re8 27. Kh2 Kf8 {0-1 Hou,Y (2652)-Aronian,L (2799) FIDE World Cup 2017 (2.5)}) ({RR} 13. Re1 d5 14. e5 Ng4 15. Bg3 Bb4 16. f5 Qg5 17. h4 Qh5 18. Ne2 Bc5+ 19. Kh1 Nf2+ 20. Bxf2 Bxf2 21. g3 Bxe1 22. Qxe1 Bxf5 23. Nf4 Qf3+ 24. Kh2 Bxd3 25. cxd3 g5 26. Ng2 Qxd3 27. Qf2 Rxe5 {0-1 Stevic,H (2570)-Kovalev,V (2648) Titled Tuesday intern op1 3rd March   blitz 2020 (4)}) 13... Nd7 14. Bf2 Bf6 15. Qd2 c5 16. Rae1 Bb7 17. Nd5 Bd4 18. c3 Bxf2+ 19. Rxf2 Bxd5 20. exd5 Nf6 21. Rfe2 Rxe2 22. Bxe2 Qd7 23. Bf3 a5 24. Kh2 Re8 25. Rxe8+ Qxe8 26. b4 Qb5 27. bxa5 Qxa5 28. Qb2 Nd7 29. Qe2 Kf8 30. Qd3 Qxa2 31. Qf5 Qa4 32. Bh5 Nf6 33. Qc8+ Qe8 34. Qxc7 Nxh5 35. Qxd6+ Kg8 36. Qxc5 Nxf4 37. d6 Qe4 38. Qc8+ Kh7 39. Qg4 f5 40. Qg3 Nh5 41. Qf3 Qxf3 42. gxf3 Nf6 43. Kg3 Kg6 44. Kf4 Nd7 45. h4 Kf6 46. h5 Ke6 47. c4 Nc5 48. d7 Nxd7 49. Ke3 Ke5 50. f4+ Kd6 51. Kd4 Nc5 52. Ke3 Ne6 0-1